Introducción a Shakespeare

Guardat en:
Dades bibliogràfiques
Autor principal: Granville-Barker, Harley / Harrison, G. H.
Format: Llibre
Idioma:Undetermined
Publicat: Buenos Aires, Argentina Emecé 1952
Matèries:
Etiquetes: Afegir etiqueta
Sense etiquetes, Sigues el primer a etiquetar aquest registre!

MARC

LEADER 00000nam a2200000Ia 4500
008 170316s9999 xx 000 0 und d
040 |a cru BVZT 
090 |a C-820 G-2i 
100 |a Granville-Barker, Harley / Harrison, G. H. 
245 |a Introducción a Shakespeare 
260 |a Buenos Aires, Argentina 
260 |b Emecé 
260 |c 1952 
300 |a 338 páginas 
650 |a LITERATURA INGLESA 
650 |a CRÍTICA 
999 |c 12899  |d 12899 
942 |c 15 D  |h C-820 G-2i  |2 z